La mejora regulatoria en Mx̌ico

Detalles Bibliográficos
Autor principal: Carballo Přez, Alfonso
Formato: eBook
Lenguaje:español
Publicado: Ciudad de Mx̌ico: Cm̀ara de Diputados, 2012
Materias:
Acceso en línea:Acceso restringido

MARC

LEADER 00000nam a22000007a 4500
005 20170822231446.0
007 cr|||| ||||
008 170822s2012 mx |||||s||||f00||0 spa d
035 |a 20403 
040 |a vLex 
090 |c 6836  |d 6836 
100 1 |a Carballo Přez, Alfonso 
245 1 2 |a La mejora regulatoria en Mx̌ico  |h [Recurso electrn̤ico] /  |c Alfonso Carballo Přez 
256 |a Servicio en ln̕ea 
260 |a Ciudad de Mx̌ico:  |b Cm̀ara de Diputados,  |c 2012 
300 |a 1 recurso electrn̤ico (50 p.) 
506 1 |a Disponible solo en los productos indicados  |d vLex Global  |d vLex Global (Academic Edition, excluding Law Schools)  |d vLex Global (U.S. Academic Edition, Law Schools)  |d vLex Global (U.S. Academic Edition, excluding Law Schools)  |d vLex Global (Academic Edition, Law Schools) 
650 0 4 |a Derecho Constitucional  |z Mx̌ico 
740 0 |a vLex Libros (Servicio en ln̕ea) 
856 4 0 |u http://vlex.com/source/mejora-regulatoria-mexico-20403  |z Acceso restringido 
942 |c BOOK 
999 0 |a Constitutional right